Shaws (EAL) Ltd v Walbert Pennycook (Record no. 74174)
[ view plain ]
| 000 -LEADER | |
|---|---|
| fixed length control field | 01840cab a2200265 4500 |
| 001 - CONTROL NUMBER | |
| control field | ABS67528 |
| 008 - FIXED-LENGTH DATA ELEMENTS--GENERAL INFORMATION | |
| fixed length control field | 040226n2004 000 0 eng u |
| 035 ## - SYSTEM CONTROL NUMBER | |
| System control number | (Sirsi) u125241 |
| 245 ## - TITLE STATEMENT | |
| Title | Shaws (EAL) Ltd v Walbert Pennycook |
| 260 ## - PUBLICATION, DISTRIBUTION, ETC. | |
| Date of publication, distribution, etc. | 2004 |
| 490 ## - SERIES STATEMENT | |
| Series statement | Estates Gazette |
| Volume/sequential designation | [2004] 18 EG 102-110(9) |
| 520 ## - SUMMARY, ETC. | |
| Summary, etc. | [2004] EWCA (Civ) 100, 12 February 2004. The appellant landlord (L) appealed against a HC decision ([2002] EWHC 2769 (Ch), Abs66721) that a second counternotice served by the respondent tenant (T) satisfied the Landlord and Tenant Act 1954 s29(2). The first counternotice, issued by T in response to L's notice under s29(2) of the Act for termination of his business tenancy, wrongly stated that T would be willing to vacate the property. Before the expiry of the two month time limit for service of a counternotice, T issued a second counternotice to rectify the mistake and then applied for the grant of a new tenancy. L was allowed to strike out the proceedings. The judge allowed T's appeal against the striking out of his application. L appealed. "Held" the appeal was allowed because it was not open to a tenant to serve a second counternotice. View judgment at www.bailii.org. |
| 590 ## - LOCAL NOTE (RLIN) | |
| Local note | ABS |
| 650 ## - SUBJECT ADDED ENTRY--TOPICAL TERM | |
| Topical term or geographic name entry element | REVOLVING COUNTERNOTICES |
| 650 ## - SUBJECT ADDED ENTRY--TOPICAL TERM | |
| Topical term or geographic name entry element | DEFECTIVE NOTICES |
| 650 ## - SUBJECT ADDED ENTRY--TOPICAL TERM | |
| Topical term or geographic name entry element | CONVENTION FOR THE PROTECTION OF HUMAN RIGHTS AND FUNDAMENTAL FREEDOMS ART 6 |
| 650 ## - SUBJECT ADDED ENTRY--TOPICAL TERM | |
| Topical term or geographic name entry element | LANDLORD AND TENANT ACT 1954 S29(2) |
| 650 ## - SUBJECT ADDED ENTRY--TOPICAL TERM | |
| Topical term or geographic name entry element | SERVING NOTICES |
| 650 ## - SUBJECT ADDED ENTRY--TOPICAL TERM | |
| Topical term or geographic name entry element | SHAWS (EAL) LTD V PENNYCOOK |
| 650 ## - SUBJECT ADDED ENTRY--TOPICAL TERM | |
| Topical term or geographic name entry element | TENANCY RENEWAL |
| 650 ## - SUBJECT ADDED ENTRY--TOPICAL TERM | |
| Topical term or geographic name entry element | CONVENTION FOR THE PROTECTION OF HUMAN RIGHTS AND FUNDAMENTAL FREEDOMS FIRST PROTOCOL ART 1 |
| 690 ## - LOCAL SUBJECT ADDED ENTRY--TOPICAL TERM (OCLC, RLIN) | |
| Topical term or geographic name as entry element | LANDLORD AND TENANT-BUSINESS TENANCIES-CASE LAW |
| 856 ## - ELECTRONIC LOCATION AND ACCESS | |
| Uniform Resource Identifier | <a href="https://www.bailii.org/ew/cases/EWCA/Civ/2004/100.html">https://www.bailii.org/ew/cases/EWCA/Civ/2004/100.html</a> |
| Public note | View judgment on the BAILII website... |
| 942 ## - ADDED ENTRY ELEMENTS (KOHA) | |
| Suppress in OPAC | 0 |
| Withdrawn status | Lost status | Source of classification or shelving scheme | Damaged status | Not for loan | Home library | Current library | Shelving location | Date acquired | Total Checkouts | Full call number | Barcode | Date last seen | Copy number | Price effective from | Koha item type |
|---|---|---|---|---|---|---|---|---|---|---|---|---|---|---|---|
| Dewey Decimal Classification | London | London | Journal article | 26/02/2004 | ABS67528 | 125241-1001 | 06/08/2019 | 1 | 06/08/2019 | Law report |